Stadt zu Land #37 - Statistiken

Allgemein
  • Dieses Quiz wurde 182 mal gespielt
  • Das Durchschnittsergebnis liegt bei 10 aus 15
Antwortstatistiken
Stadt Land % Korrekt
Vilnius Litauen
97%
Palma de Mallorca Spanien
97%
Casablanca Marokko
91%
Braunau am Inn Österreich
91%
Nowossibirsk Russland
91%
Silkeborg Dänemark
83%
Manila Philippinen
82%
Åmål Schweden
74%
Kuopio Finnland
67%
Białystok Polen
48%
Harbin China
40%
Borgo Maggiore San Marino
36%
Cencepcion Chile
23%
Dire Dawa Äthiopien
20%
Gyumri Armenien
13%
Keine übereinstimmenden Quizze gefunden
Verteilung der Resultate
Anzahl Personen mit jedem Resultat
Perzentil nach korrekt beantworteten Fragen
Ihre Resultats-Entwicklung
Sie haben dieses Quiz noch nicht gespielt